|
|
|
|
| LEADER |
01086cam a2200253 7i4500 |
| 001 |
0000034424 |
| 005 |
20170302090000.0 |
| 008 |
110330 eng |
| 020 |
|
|
|a 9780838909829 (pbk.)
|
| 020 |
|
|
|a 0838909825 (pbk.)
|
| 090 |
0 |
0 |
|a Z718.3
|b .T74 2009
|
| 100 |
1 |
|
|a Trevino, Rose Zertuche
|
| 245 |
1 |
0 |
|a Read me a rhyme in Spanish and English :
|b Leame una rima en espanol e ingles
|c Rose Zertuche Trevino.
|
| 246 |
3 |
|
|a Leame una rima en espanol e ingles.
|
| 260 |
|
|
|a Chicago:
|b American Library Association,
|c 2009.
|
| 300 |
|
|
|a x, 155 p.:
|b ill.;
|c 23 cm.
|
| 504 |
|
|
|a Includes bibliographical references and index
|
| 650 |
0 |
0 |
|a Hispanic American children --
|x Books and reading
|
| 650 |
0 |
0 |
|a Children's libraries --
|x Services to Hispanic Americans
|
| 650 |
0 |
0 |
|a Children's songs, Spanish
|
| 650 |
0 |
0 |
|a Children's libraries --
|x Activity programs --
|z United States
|
| 997 |
|
|
|a Communication, Visual Art & Computing, Faculty
|b Communication, Department
|
| 998 |
|
|
|a Library Science, Diploma
|
| 999 |
|
|
|a 0000044617
|b BOK
|c OPEN SHELF
|e 2nd Floor, Bestari Jaya
|